New York Giants Starting Quarterbacks of Super Bowl Era - Statistics

General Stats
  • This quiz has been taken 382 times
    168 since last reset
  • The average score is 12 of 33
Answer Stats
Answer % Correct
Eli Manning
100%
Daniel Jones
93%
Phil Simms
85%
Tommy DeVito
79%
Kerry Collins
71%
Kurt Warner
65%
Tyrod Taylor
62%
Jeff Hostetler
61%
Geno Smith
59%
Drew Lock
57%
Fran Tarkenton
54%
Dave Brown
41%
Mike Glennon
40%
Colt McCoy
38%
Jake Fromm
38%
Davis Webb
34%
Randy Johnson
30%
Kent Graham
24%
Joe Pisarcik
23%
Scott Brunner
22%
Norm Snead
21%
Craig Morton
20%
Danny Kanell
20%
Earl Morrall
18%
Jesse Palmer
18%
Gary Wood
17%
Jeff Rutledge
15%
Jim Del Gaizo
9%
Mike Busch
7%
Randy Dean
7%
Tom Kennedy
7%
Jim Crocicchia
6%
Jerry Golsteyn
5%
No matching quizzes found
Score Distribution
Percent of People with Each Score
Percentile by Number Answered
Your Score History
You have not taken this quiz since the last reset